| 000 | 01168nam0a22003131 4500 | ||
|---|---|---|---|
| 001 | RU\NLR\INFOCOMM_116\5000056720 | ||
| 005 | 20250613090335.0 | ||
| 010 |
_91065 _a82-7009-209-6 |
||
| 035 | _a(NLR Aleph) 009063489 | ||
| 090 |
_a7878316 _c7878316 |
||
| 100 | _a20081012d1987 |||y0rusy50 ca | ||
| 101 | 1 |
_anor _crus |
|
| 102 |
_aNO _aRU |
||
| 105 | _ay z 000zy | ||
| 200 | 1 |
_aDen gule djevel _egull og kapitalisme _fAndrej Anikin _g[overs. fra russ. av Martin Gunnar Knutsen] |
|
| 210 |
_aOslo _cFalken _aМ. _cProgress _d1987 |
||
| 215 |
_a311 с. _d21 см |
||
| 300 | _aПеред вып. дан.: Желтый дьявол: золото и капитализм | ||
| 320 | _aБиблиогр. в примеч. в конце гл. | ||
| 517 | 1 |
_aЖелтый дьявол _eзолото и капитализм |
|
| 606 |
_aДенежное обращение _xКапиталистические страны _2nlr_sh1 |
||
| 686 |
_aУ26(0, 8)26 _2rubbk |
||
| 700 | 1 |
_aAnikin _bA. V. _f1927- _gAndrej Vladimirovič _4070 |
|
| 801 | 1 |
_aRU _bNLR _c20081012 |
|
| 801 | 0 |
_aRU _bNLR _gPSBO |
|
| 852 |
_aNLR _jЭк65 Д-3/109 |
||
| 942 | _cBOOK | ||
| 980 | _aNB | ||